[Event "Chess.com SIG Bullet Wild"]
[Site "chess.com INT"]
[Date "2021.04.05"]
[Round "1.5"]
[White "Le Tuan Minh"]
[Black "Hansen, Eric"]
[Result "0-1"]
[WhiteElo "2514"]
[BlackElo "2606"]
[PlyCount "92"]
[GameId "2130307587963272"]
[EventDate "2021.04.05"]
[EventType "k.o. (blitz)"]
[EventRounds "1"]
[EventCountry "NET"]
[SourceTitle "The Week in Chess 1379"]
[Source "Mark Crowther"]
[SourceDate "2021.04.12"]
[SourceVersion "1"]
[SourceVersionDate "2021.04.12"]
[SourceQuality "2"]

1. d4 Nf6 2. Nf3 g6 3. Bf4 Bg7 4. e3 O-O 5. h3 d6 6. Bd3 b6 7. O-O Bb7 8. a4 a6 9. Bh2 Nbd7 10. c3 c5 11. Qe2 Qc7 12. Nbd2 cxd4 13. cxd4 Nd5 14. Rfc1 Qd8 15. e4 Nb4 16. Bc4 d5 17. exd5 Nxd5 18. Bb3 N7f6 19. Ne5 e6 20. Ndc4 Rc8 21. Ne3 Nxe3 22. fxe3 Ne4 23. Bc2 Qh4 24. Bd3 a5 25. Nd7 Rfd8 26. Nxb6 Rxc1+ 27. Rxc1 Ng3 28. Qf2 Nf5 29. Qxh4 Nxh4 30. Bc7 Rf8 31. Bg3 Nxg2 32. Kf2 Bh6 33. Nc4 Bd5 34. Bd6 Rc8 35. Bc5 Bxc4 36. Rxc4 Nxe3 37. Rc3 Nd1+ 38. Kf3 Nxc3 39. bxc3 Bf8 40. Bb6 Rxc3 41. Ke4 Ra3 42. Bb5 Bb4 43. d5 exd5+ 44. Kxd5 Rxh3 45. Ke5 Rh5+ 46. Kf6 Rf5# 0-1

[Event "Chess.com SIG Bullet Wild"]
[Site "chess.com INT"]
[Date "2021.04.05"]
[Round "1.6"]
[White "Hansen, Eric"]
[Black "Le Tuan Minh"]
[Result "0-1"]
[WhiteElo "2606"]
[BlackElo "2514"]
[PlyCount "148"]
[GameId "2130307587963275"]
[EventDate "2021.04.05"]
[EventType "k.o. (blitz)"]
[EventRounds "1"]
[EventCountry "NET"]
[SourceTitle "The Week in Chess 1379"]
[Source "Mark Crowther"]
[SourceDate "2021.04.12"]
[SourceVersion "1"]
[SourceVersionDate "2021.04.12"]
[SourceQuality "2"]

1. e4 d5 2. exd5 Qxd5 3. Nc3 Qd8 4. Nf3 Nf6 5. d4 Bf5 6. Bc4 e6 7. O-O c6 8. h3 Be7 9. Re1 O-O 10. Ne2 Nbd7 11. Ng3 Bg6 12. c3 Bd6 13. Bg5 Qc7 14. Nf1 Rfe8 15. a4 h6 16. Bd2 a5 17. Nh4 Bh7 18. Nf3 Nb6 19. Bb3 Nbd5 20. Qc1 Rad8 21. Ne3 c5 22. Nxd5 exd5 23. Rxe8+ Rxe8 24. dxc5 Bxc5 25. Nd4 Qb6 26. Bc2 Be4 27. Bxe4 Nxe4 28. Be3 Nd6 29. Nc2 Nc4 30. Bxc5 Qxc5 31. b3 Nd6 32. Nd4 Ne4 33. Qe3 Qxc3 34. Qxc3 Nxc3 35. Rc1 Re4 36. Rxc3 Rxd4 37. Rc5 b6 38. Rb5 Rb4 39. Rxd5 Rxb3 40. Rd8+ Kh7 41. Rd7 Kg6 42. Rb7 Rb4 43. g3 Kf6 44. Kg2 h5 45. h4 g6 46. Rb8 Ke6 47. Rb7 f6 48. Kf3 g5 49. hxg5 fxg5 50. Rh7 Rxa4 51. Rh6+ Kf5 52. Rxb6 Ra3+ 53. Kg2 h4 54. Rb5+ Kg6 55. gxh4 gxh4 56. f3 Kh6 57. Rc5 Kg6 58. Rd5 a4 59. Ra5 Kf6 60. f4 h3+ 61. Kh2 Kg6 62. Rb5 Rb3 63. Rg5+ Kf6 64. Ra5 a3 65. Kh1 Rb1+ 66. Kh2 Rb2+ 67. Kxh3 Rb3+ 68. Kg4 Ke6 69. Ra6+ Kd5 70. Ra5+ Ke4 71. Ra8 Rb1 72. Ra4+ Ke3 73. Rxa3+ Ke4 74. Ra4+ Kd5 0-1

[Event "Chess.com SIG Bullet Wild"]
[Site "chess.com INT"]
[Date "2021.04.05"]
[Round "1.7"]
[White "Le Tuan Minh"]
[Black "Hansen, Eric"]
[Result "1-0"]
[WhiteElo "2514"]
[BlackElo "2606"]
[PlyCount "81"]
[GameId "2130307587963278"]
[EventDate "2021.04.05"]
[EventType "k.o. (blitz)"]
[EventRounds "1"]
[EventCountry "NET"]
[SourceTitle "The Week in Chess 1379"]
[Source "Mark Crowther"]
[SourceDate "2021.04.12"]
[SourceVersion "1"]
[SourceVersionDate "2021.04.12"]
[SourceQuality "2"]

1. d4 Nf6 2. Nf3 g6 3. Bg5 Bg7 4. Nbd2 d5 5. c3 O-O 6. e3 Nc6 7. Bb5 Bd7 8. O-O a6 9. Ba4 Re8 10. Re1 b5 11. Bb3 Bf5 12. Bxf6 exf6 13. a4 Na5 14. axb5 axb5 15. h3 c6 16. Qe2 Qd6 17. Qd1 Bd7 18. Bc2 f5 19. Bd3 Nc4 20. Qc2 h5 21. Nb3 Bf6 22. Nc5 Kg7 23. b3 Nb6 24. Qb2 Qc7 25. Rxa8 Rxa8 26. Ra1 Qb8 27. Ra2 Be8 28. Qa1 Rxa2 29. Qxa2 Nd7 30. Nxd7 Bxd7 31. b4 Be6 32. h4 f4 33. Qd2 fxe3 34. Qxe3 Qd6 35. Ne5 Bxh4 36. Qf4 Be7 37. Qg3 Kf8 38. Bxg6 f6 39. Qf3 Kg7 40. Qxh5 fxe5 41. dxe5 1-0

[Event "Chess.com SIG Bullet Wild"]
[Site "chess.com INT"]
[Date "2021.04.05"]
[Round "1.8"]
[White "Hansen, Eric"]
[Black "Le Tuan Minh"]
[Result "1-0"]
[WhiteElo "2606"]
[BlackElo "2514"]
[PlyCount "81"]
[GameId "2130307587963281"]
[EventDate "2021.04.05"]
[EventType "k.o. (blitz)"]
[EventRounds "1"]
[EventCountry "NET"]
[SourceTitle "The Week in Chess 1379"]
[Source "Mark Crowther"]
[SourceDate "2021.04.12"]
[SourceVersion "1"]
[SourceVersionDate "2021.04.12"]
[SourceQuality "2"]

1. e4 e5 2. Nf3 d5 3. d4 dxe4 4. Nxe5 Bd6 5. Nc4 Nf6 6. Nc3 h6 7. Be2 O-O 8. Nxd6 Qxd6 9. O-O Nc6 10. Be3 Bf5 11. Nb5 Qe7 12. c4 a6 13. Nc3 Rad8 14. d5 Ne5 15. Re1 Rfe8 16. h3 Qd6 17. Bf1 Nd3 18. Bxd3 exd3 19. Qd2 Bg6 20. Bd4 Nd7 21. b3 c6 22. Rxe8+ Rxe8 23. Re1 Rxe1+ 24. Qxe1 c5 25. Be3 b5 26. cxb5 axb5 27. Nxb5 Qxd5 28. Nc3 Qc6 29. Bd2 Kh7 30. Qe3 c4 31. b4 Qb7 32. b5 Nb6 33. a4 Nd5 34. Qf3 Qe7 35. Qxd5 Qa3 36. Qxc4 Qb2 37. Qf4 Qc2 38. Qe3 Qb2 39. b6 Qb3 40. a5 Qa3 41. b7 1-0

[Event "Chess.com SIG Bullet Wild"]
[Site "chess.com INT"]
[Date "2021.04.05"]
[Round "1.9"]
[White "Le Tuan Minh"]
[Black "Hansen, Eric"]
[Result "1-0"]
[WhiteElo "2514"]
[BlackElo "2606"]
[PlyCount "107"]
[GameId "2130307587963284"]
[EventDate "2021.04.05"]
[EventType "k.o. (blitz)"]
[EventRounds "1"]
[EventCountry "NET"]
[SourceTitle "The Week in Chess 1379"]
[Source "Mark Crowther"]
[SourceDate "2021.04.12"]
[SourceVersion "1"]
[SourceVersionDate "2021.04.12"]
[SourceQuality "2"]

1. d4 Nf6 2. Nf3 g6 3. Bg5 Bg7 4. Nbd2 d5 5. c3 O-O 6. e3 Nbd7 7. Bd3 Re8 8. O-O e5 9. e4 exd4 10. cxd4 dxe4 11. Nxe4 h6 12. Qb3 Rf8 13. Bh4 c6 14. Nd6 Qb6 15. Bc4 Qxb3 16. Bxb3 Nb6 17. Ne5 Nfd5 18. a4 a5 19. Rfe1 g5 20. Bg3 f5 21. f3 f4 22. Bf2 Rd8 23. Ndc4 Nxc4 24. Bxc4 Bf5 25. Re2 Kh7 26. Rae1 Nb4 27. Bb3 Rac8 28. g3 fxg3 29. hxg3 Nd5 30. Kg2 Kh8 31. Nf7+ Kg8 32. Nxd8 Rxd8 33. Re8+ Rxe8 34. Rxe8+ Kf7 35. Rb8 Bf6 36. Rxb7+ Ke6 37. Ra7 Bd8 38. Be1 Kd6 39. Bxa5 Ne3+ 40. Kf2 Bxa5 41. Rxa5 Nd5 42. Bxd5 cxd5 43. Ra6+ Kc7 44. Rxh6 Bd7 45. f4 gxf4 46. gxf4 Bxa4 47. f5 Kd7 48. Kg3 Ke7 49. Kf4 Kf7 50. Ke5 Bc2 51. Rd6 Ke7 52. f6+ Kf7 53. Rd7+ Kf8 54. Re7 1-0

[Event "Chess.com SIG Bullet Wild"]
[Site "chess.com INT"]
[Date "2021.04.05"]
[Round "1.10"]
[White "Hansen, Eric"]
[Black "Le Tuan Minh"]
[Result "1-0"]
[WhiteElo "2606"]
[BlackElo "2514"]
[PlyCount "113"]
[GameId "2130307587963287"]
[EventDate "2021.04.05"]
[EventType "k.o. (blitz)"]
[EventRounds "1"]
[EventCountry "NET"]
[SourceTitle "The Week in Chess 1379"]
[Source "Mark Crowther"]
[SourceDate "2021.04.12"]
[SourceVersion "1"]
[SourceVersionDate "2021.04.12"]
[SourceQuality "2"]

1. e4 d5 2. exd5 Qxd5 3. Nc3 Qd8 4. d4 Nf6 5. Nf3 Bf5 6. Bc4 e6 7. Qe2 Nbd7 8. d5 e5 9. Nxe5 Be7 10. Nxd7 Qxd7 11. O-O O-O 12. Bf4 Bc5 13. h3 Rfe8 14. Qf3 Bxc2 15. Bb5 Qd8 16. Bxe8 Nxe8 17. Be3 Bd6 18. Rac1 Bg6 19. Bf4 h6 20. Bxd6 Nxd6 21. Rfe1 Qd7 22. Qf4 Rd8 23. Re3 a6 24. Rce1 Nf5 25. Re5 Kh7 26. Ne4 f6 27. Re6 Qxd5 28. Ng3 Nd4 29. Re7 Rd7 30. Rxd7 Qxd7 31. h4 h5 32. a3 c5 33. Qe3 Qg4 34. Rc1 b6 35. b4 Qxh4 36. bxc5 bxc5 37. Rxc5 Qg4 38. Kh2 h4 39. Nf1 Nf5 40. Qf3 Qg5 41. Ne3 Nd4 42. Qd5 Qf4+ 43. Kh1 Ne2 44. Qf3 Qd4 45. Rh5+ Kg8 46. Qxe2 Qa1+ 47. Kh2 Qd4 48. Qf3 Qd6+ 49. Kh1 Qd4 50. Rd5 Qa1+ 51. Kh2 Qxa3 52. Rd8+ Kf7 53. Qd5+ Ke7 54. Rd7+ Ke8 55. Rc7 Qd6+ 56. Qxd6 Bf5 57. Qe7# 1-0

[Event "Chess.com SIG Bullet Wild"]
[Site "chess.com INT"]
[Date "2021.04.05"]
[Round "1.11"]
[White "Le Tuan Minh"]
[Black "Hansen, Eric"]
[Result "0-1"]
[WhiteElo "2514"]
[BlackElo "2606"]
[PlyCount "79"]
[GameId "2130307587963290"]
[EventDate "2021.04.05"]
[EventType "k.o. (blitz)"]
[EventRounds "1"]
[EventCountry "NET"]
[SourceTitle "The Week in Chess 1379"]
[Source "Mark Crowther"]
[SourceDate "2021.04.12"]
[SourceVersion "1"]
[SourceVersionDate "2021.04.12"]
[SourceQuality "2"]

1. d4 Nf6 2. Nf3 g6 3. Bg5 Bg7 4. Nbd2 d5 5. c3 O-O 6. e3 Nbd7 7. Bd3 Re8 8. O-O e5 9. e4 exd4 10. cxd4 dxe4 11. Nxe4 Nb6 12. Re1 Be6 13. Rc1 c6 14. Nc5 Bd5 15. Ne5 h6 16. Bh4 Qc7 17. Bg3 Nh5 18. a4 Nxg3 19. hxg3 a5 20. Qg4 Bxe5 21. dxe5 Rxe5 22. Rxe5 Qxe5 23. Nxb7 h5 24. Qf4 Qxf4 25. gxf4 Nxa4 26. f5 gxf5 27. Bxf5 Nxb2 28. Rb1 Nc4 29. Nc5 a4 30. Ra1 a3 31. Bc2 Ra5 32. Nb7 Ra7 33. Nc5 Nd6 34. Bb3 Bxb3 35. Nxb3 Nb5 36. Nc5 a2 37. Kf1 Nc3 38. Nd3 Rb7 39. f3 Rb1+ 40. Kf2 0-1

[Event "Chess.com SIG Bullet Wild"]
[Site "chess.com INT"]
[Date "2021.04.05"]
[Round "1.12"]
[White "Hansen, Eric"]
[Black "Le Tuan Minh"]
[Result "1-0"]
[WhiteElo "2606"]
[BlackElo "2514"]
[PlyCount "151"]
[GameId "2130307587963293"]
[EventDate "2021.04.05"]
[EventType "k.o. (blitz)"]
[EventRounds "1"]
[EventCountry "NET"]
[SourceTitle "The Week in Chess 1379"]
[Source "Mark Crowther"]
[SourceDate "2021.04.12"]
[SourceVersion "1"]
[SourceVersionDate "2021.04.12"]
[SourceQuality "2"]

1. e4 d5 2. exd5 Qxd5 3. Nc3 Qd8 4. Nf3 c6 5. d4 Bf5 6. Bc4 e6 7. Ne5 Nd7 8. Bf4 Nxe5 9. Bxe5 Nf6 10. Qe2 Bd6 11. O-O-O Qe7 12. h3 O-O-O 13. g4 Bg6 14. f4 h5 15. g5 Nd5 16. Bxd5 exd5 17. Qf3 f6 18. Bxd6 Qxd6 19. f5 Be8 20. g6 Bd7 21. Rde1 h4 22. a3 Qg3 23. Re3 Qxf3 24. Rxf3 Rde8 25. Kd2 Rh5 26. Rhf1 Rg5 27. Rf4 Rh8 28. Nd1 Rg3 29. R1f3 Rg5 30. Ne3 Kc7 31. Ke2 Kd6 32. Kf2 Rgh5 33. Rg4 Re8 34. Rff4 Reh8 35. c3 b5 36. Kf3 a5 37. Kf2 b4 38. axb4 axb4 39. c4 b3 40. c5+ Kc7 41. Ke2 Re8 42. Kd3 Ra8 43. Rxh4 Rg5 44. Rhg4 Rh5 45. Rh4 Rg5 46. Rhg4 Rxg4 47. hxg4 Rh8 48. Rf3 Rh4 49. Rg3 Rh2 50. Kc3 Bc8 51. Kxb3 Kd7 52. Kc3 Ke7 53. g5 Ba6 54. gxf6+ Kxf6 55. Ng4+ Kxf5 56. Nxh2 Kf4 57. Rg4+ Kf5 58. Rg1 Be2 59. Re1 Bh5 60. Re5+ Kf6 61. Nf1 Bxg6 62. Ne3 Bf7 63. b4 Kg6 64. b5 cxb5 65. Nxd5 b4+ 66. Kxb4 Bg8 67. Ne7+ Kf7 68. Nxg8 g6 69. c6 g5 70. c7 g4 71. c8=Q g3 72. Qd7+ Kg6 73. Qd6+ Kf7 74. Re7+ Kf8 75. Qf6+ Kxg8 76. Qg7# 1-0

[Event "Chess.com SIG Bullet Wild"]
[Site "chess.com INT"]
[Date "2021.04.05"]
[Round "1.13"]
[White "Le Tuan Minh"]
[Black "Hansen, Eric"]
[Result "1-0"]
[WhiteElo "2514"]
[BlackElo "2606"]
[PlyCount "117"]
[GameId "2130307587963296"]
[EventDate "2021.04.05"]
[EventType "k.o. (blitz)"]
[EventRounds "1"]
[EventCountry "NET"]
[SourceTitle "The Week in Chess 1379"]
[Source "Mark Crowther"]
[SourceDate "2021.04.12"]
[SourceVersion "1"]
[SourceVersionDate "2021.04.12"]
[SourceQuality "2"]

1. d4 Nf6 2. Nf3 g6 3. g3 Bg7 4. Bg2 O-O 5. O-O d6 6. c4 Nbd7 7. Nc3 e5 8. Qc2 Re8 9. Rd1 exd4 10. Nxd4 Nc5 11. b3 a5 12. Ba3 Qe7 13. Rac1 Bh6 14. e3 Bg7 15. h3 c6 16. Kh2 Rd8 17. Qd2 Na6 18. Na4 Qc7 19. Nb5 Qe7 20. Nxd6 Nb4 21. c5 Be6 22. Bxb4 axb4 23. Qxb4 Nd5 24. Qd2 h5 25. e4 Nf6 26. Qe3 h4 27. Rd2 hxg3+ 28. fxg3 Kh7 29. Rf1 Bh6 30. Qf2 Bxd2 31. Qxd2 Ne8 32. e5 b5 33. Nb6 Ra6 34. Bxc6 Ng7 35. Bxb5 Ra5 36. Qxa5 Nf5 37. Qd2 Kg7 38. Bc4 Rh8 39. Qf4 Nh6 40. Bxe6 Qxe6 41. Qf6+ Qxf6 42. exf6+ Kh7 43. Nd5 Ra8 44. c6 Rxa2+ 45. Kg1 Rc2 46. c7 Nf5 47. c8=Q Rxc8 48. Nxc8 Nxg3 49. Re1 g5 50. Re7 Kg6 51. Nd6 g4 52. Rxf7 gxh3 53. Rg7+ Kh5 54. f7 h2+ 55. Kxh2 Nf1+ 56. Kg1 Ne3 57. Nf4+ Kh4 58. f8=Q Ng4 59. Nf5# 1-0

[Event "Chess.com SIG Bullet Wild"]
[Site "chess.com INT"]
[Date "2021.04.05"]
[Round "1.14"]
[White "Hansen, Eric"]
[Black "Le Tuan Minh"]
[Result "1-0"]
[WhiteElo "2606"]
[BlackElo "2514"]
[PlyCount "63"]
[GameId "2130307587963299"]
[EventDate "2021.04.05"]
[EventType "k.o. (blitz)"]
[EventRounds "1"]
[EventCountry "NET"]
[SourceTitle "The Week in Chess 1379"]
[Source "Mark Crowther"]
[SourceDate "2021.04.12"]
[SourceVersion "1"]
[SourceVersionDate "2021.04.12"]
[SourceQuality "2"]

1. e4 e5 2. Nf3 d5 3. d4 dxe4 4. Nxe5 Bd6 5. Nc4 Nf6 6. Nc3 O-O 7. Be2 Re8 8. O-O Nc6 9. Nxd6 Qxd6 10. Nb5 Qe7 11. Bf4 Nd5 12. Bg3 a6 13. c4 axb5 14. cxd5 Nb4 15. Bxb5 Rd8 16. d6 cxd6 17. a3 Nd5 18. Re1 Bf5 19. Qh5 Qe6 20. Bc4 Rac8 21. Bb3 g6 22. Qh4 Rc6 23. f3 Re8 24. fxe4 Bxe4 25. Rxe4 Qxe4 26. Qxe4 Rxe4 27. Bxd5 Rxd4 28. Bxc6 bxc6 29. a4 Rb4 30. a5 Rb7 31. a6 Ra7 32. Bxd6 1-0

[Event "Chess.com SIG Bullet Wild"]
[Site "chess.com INT"]
[Date "2021.04.05"]
[Round "1.15"]
[White "Le Tuan Minh"]
[Black "Hansen, Eric"]
[Result "1-0"]
[WhiteElo "2514"]
[BlackElo "2606"]
[PlyCount "57"]
[GameId "2130307587963302"]
[EventDate "2021.04.05"]
[EventType "k.o. (blitz)"]
[EventRounds "1"]
[EventCountry "NET"]
[SourceTitle "The Week in Chess 1379"]
[Source "Mark Crowther"]
[SourceDate "2021.04.12"]
[SourceVersion "1"]
[SourceVersionDate "2021.04.12"]
[SourceQuality "2"]

1. b3 e5 2. Bb2 Nc6 3. e3 Nf6 4. Nf3 e4 5. Nd4 d5 6. Nxc6 bxc6 7. d3 exd3 8. Bxd3 Bb4+ 9. Nd2 Bd6 10. O-O Qe7 11. h3 Be5 12. Bxe5 Qxe5 13. Re1 O-O 14. e4 Re8 15. Nf3 Qc3 16. exd5 Rxe1+ 17. Qxe1 Qxe1+ 18. Rxe1 cxd5 19. Re7 c5 20. Rc7 c4 21. bxc4 Be6 22. Nd4 dxc4 23. Bxc4 Bxc4 24. Rxc4 Nd5 25. Ra4 g6 26. Ra5 Nb6 27. Nc6 Kg7 28. Rxa7 Rc8 29. Ne5 1-0

[Event "Titled Tuesday 2021.02.23"]
[Site "chess.com INT"]
[Date "2021.02.23"]
[Round "2"]
[White "Hansen, Eric"]
[Black "Manukyan, Artyom"]
[Result "1-0"]
[WhiteElo "2606"]
[BlackElo "2148"]
[PlyCount "83"]
[GameId "2130307589254803"]
[EventDate "2021.02.23"]
[EventType "swiss (blitz)"]
[EventRounds "11"]
[EventCountry "NET"]
[SourceTitle "The Week in Chess 1373"]
[Source "Mark Crowther"]
[SourceDate "2021.03.01"]
[SourceVersion "1"]
[SourceVersionDate "2021.03.01"]
[SourceQuality "2"]

1. e4 c5 2. Nf3 d6 3. Bb5+ Bd7 4. Bxd7+ Qxd7 5. c4 Nc6 6. d4 cxd4 7. Nxd4 g6 8. Be3 Bg7 9. Nc3 Nf6 10. f3 O-O 11. Nde2 Rac8 12. O-O Rfd8 13. Kh1 e6 14. f4 d5 15. cxd5 exd5 16. e5 Ne4 17. Nxe4 dxe4 18. Qxd7 Rxd7 19. Nc3 Rd3 20. Rae1 Nb4 21. Bxa7 Rd2 22. Rxe4 Rxb2 23. Na4 Rxa2 24. Rxb4 Ra8 25. Nc3 R2xa7 26. Rfb1 g5 27. g3 gxf4 28. gxf4 Rc8 29. Ne4 Rc7 30. Nd6 Bf8 31. Rxb7 Raxb7 32. Nxb7 Rc4 33. Rg1+ Kh8 34. f5 Rc7 35. Rb1 h5 36. Kg2 h4 37. Kf3 Rc4 38. Rb6 Kh7 39. Nd8 Kg8 40. Rb7 Rc2 41. Nxf7 Rxh2 42. f6 1-0

[Event "Titled Tuesday 2021.02.23"]
[Site "chess.com INT"]
[Date "2021.02.23"]
[Round "4"]
[White "Hansen, Eric"]
[Black "Bocharov, Dmitry"]
[Result "0-1"]
[WhiteElo "2606"]
[BlackElo "2533"]
[PlyCount "98"]
[GameId "2130307589259019"]
[EventDate "2021.02.23"]
[EventType "swiss (blitz)"]
[EventRounds "11"]
[EventCountry "NET"]
[SourceTitle "The Week in Chess 1373"]
[Source "Mark Crowther"]
[SourceDate "2021.03.01"]
[SourceVersion "1"]
[SourceVersionDate "2021.03.01"]
[SourceQuality "2"]

1. e4 c5 2. Nf3 e6 3. d4 cxd4 4. Nxd4 a6 5. Bd3 Nf6 6. O-O Qc7 7. c4 Nc6 8. Nxc6 dxc6 9. Nc3 e5 10. f4 Bc5+ 11. Kh1 O-O 12. Qf3 b5 13. fxe5 Ng4 14. Bf4 Nxe5 15. Qg3 f6 16. Be2 Be6 17. cxb5 axb5 18. Rac1 Qe7 19. a3 Rad8 20. h3 Bd4 21. Rcd1 Nc4 22. Bxc4 Bxc4 23. Rfe1 Qc5 24. Be3 Bxe3 25. Rxd8 Rxd8 26. Rxe3 Qe5 27. Qf2 c5 28. b4 cxb4 29. axb4 h6 30. Rf3 Ra8 31. Qe1 Qd6 32. Nd5 Bxd5 33. Rd3 Qe5 34. Rxd5 Ra1 35. Rd8+ Kh7 36. Rd1 Rxd1 37. Qxd1 Qxe4 38. Qd2 f5 39. Kg1 f4 40. Kf2 Kg6 41. Qd6+ Kh5 42. Qc5+ Kh4 43. Qxb5 Qe3+ 44. Kf1 Kg3 45. Qc5 Qd3+ 46. Ke1 Qe4+ 47. Kd1 Kxg2 48. b5 f3 49. b6 f2 0-1

[Event "Titled Tuesday 2021.02.23"]
[Site "chess.com INT"]
[Date "2021.02.23"]
[Round "8"]
[White "Hansen, Eric"]
[Black "Papasimakopoulos, Alexandros"]
[Result "1-0"]
[WhiteElo "2606"]
[BlackElo "2251"]
[PlyCount "49"]
[GameId "2130307589267435"]
[EventDate "2021.02.23"]
[EventType "swiss (blitz)"]
[EventRounds "11"]
[EventCountry "NET"]
[SourceTitle "The Week in Chess 1373"]
[Source "Mark Crowther"]
[SourceDate "2021.03.01"]
[SourceVersion "1"]
[SourceVersionDate "2021.03.01"]
[SourceQuality "2"]

1. e4 e6 2. d4 d5 3. Nd2 Nf6 4. e5 Nfd7 5. Bd3 c5 6. c3 Nc6 7. Ne2 cxd4 8. cxd4 f6 9. exf6 Nxf6 10. Nf3 Bd6 11. g3 Qc7 12. Bf4 O-O 13. O-O Ng4 14. Qc1 e5 15. dxe5 Ngxe5 16. Nxe5 Bxe5 17. Bxe5 Qxe5 18. Nf4 Bf5 19. Re1 Be4 20. Bxe4 dxe4 21. Qc4+ Kh8 22. Rxe4 Qxb2 23. Rae1 Rad8 24. Ng6+ hxg6 25. Rh4# 1-0

[Event "Titled Tuesday 2021.02.23"]
[Site "chess.com INT"]
[Date "2021.02.23"]
[Round "11"]
[White "Hansen, Eric"]
[Black "Szpar, Milosz"]
[Result "1-0"]
[WhiteElo "2606"]
[BlackElo "2416"]
[PlyCount "111"]
[GameId "2130307589271653"]
[EventDate "2021.02.23"]
[EventType "swiss (blitz)"]
[EventRounds "11"]
[EventCountry "NET"]
[SourceTitle "The Week in Chess 1373"]
[Source "Mark Crowther"]
[SourceDate "2021.03.01"]
[SourceVersion "1"]
[SourceVersionDate "2021.03.01"]
[SourceQuality "2"]

1. e4 c5 2. Nf3 Nc6 3. Bb5 g6 4. Bxc6 dxc6 5. h3 Bg7 6. O-O Nf6 7. d3 Nd7 8. Nbd2 e5 9. Nc4 Qe7 10. a3 a5 11. Bd2 a4 12. Qc1 b5 13. Na5 Qd6 14. b3 Qc7 15. Qe1 axb3 16. cxb3 Qd6 17. Qe3 h5 18. Rfc1 O-O 19. b4 Qc7 20. Nb3 cxb4 21. Bxb4 Re8 22. Rc3 Bb7 23. Rac1 Bf8 24. Bxf8 Nxf8 25. Nc5 Bc8 26. Qh6 f6 27. d4 Qg7 28. Qxg7+ Kxg7 29. dxe5 fxe5 30. Nd3 Ra4 31. Rxc6 Bd7 32. Rd6 Re7 33. Nfxe5 Be8 34. f3 Rxa3 35. h4 Rb3 36. Nc5 Ra3 37. Ned3 b4 38. Nxb4 Ra8 39. Nd5 Rea7 40. Nd3 Bf7 41. N3f4 Ra2 42. Kh2 Rb2 43. Nd3 Rd2 44. Ne5 Raa2 45. Rg1 Be6 46. Kg3 Bg8 47. Kf4 Ne6+ 48. Kg3 Nc5 49. Rc6 Ne6 50. Nf4 Nd4 51. Rxg6+ Kh7 52. Rg5 Ra3 53. Nxh5 Ne2+ 54. Kh2 Nxg1 55. Nf6+ Kh6 56. Neg4# 1-0

[Event "Titled Tuesday 2021.01.26"]
[Site "chess.com INT"]
[Date "2021.01.26"]
[Round "4"]
[White "Vasquez Schroeder, R."]
[Black "Hansen, Eric"]
[Result "0-1"]
[WhiteElo "2443"]
[BlackElo "2606"]
[PlyCount "100"]
[GameId "2130307590049712"]
[EventDate "2021.01.26"]
[EventType "team (blitz)"]
[EventRounds "11"]
[EventCountry "NET"]
[SourceTitle "The Week in Chess 1369"]
[Source "Mark Crowther"]
[SourceDate "2021.02.01"]
[SourceVersion "1"]
[SourceVersionDate "2021.02.01"]
[SourceQuality "2"]

1. e4 c5 2. Nf3 e6 3. d4 cxd4 4. Nxd4 a6 5. Bd3 Bc5 6. Nb3 Be7 7. Qg4 g6 8. Qe2 d6 9. Na3 Nd7 10. Nc4 Qc7 11. O-O h5 12. h3 Ngf6 13. a4 b6 14. Bf4 Bb7 15. a5 b5 16. Nb6 Nxb6 17. axb6 Qxb6 18. Na5 O-O 19. c4 Rac8 20. Be3 Qc7 21. cxb5 axb5 22. Nxb7 d5 23. exd5 Nxd5 24. Na5 Nxe3 25. Qxe3 Ra8 26. Nb3 Bf6 27. Rxa8 Rxa8 28. Qf3 Qd8 29. Rb1 Rb8 30. Nc5 Qe7 31. b4 Bd4 32. Rc1 Rd8 33. Bxb5 Rb8 34. Qe2 Qg5 35. Rc2 Ra8 36. Qe1 Ra1 37. Qxa1 Bxa1 38. Bf1 Bd4 39. Nb3 Bb6 40. b5 Qf4 41. Nc5 Qf5 42. Nd3 Qxb5 43. Rb2 Qa5 44. Rb1 Bd4 45. Rc1 Qd2 46. Rc8+ Kg7 47. Rd8 Bxf2+ 48. Kh2 Bb6 49. Rd7 Qe3 50. h4 Qg1+ 0-1

[Event "Titled Tuesday 2021.01.26"]
[Site "chess.com INT"]
[Date "2021.01.26"]
[Round "5"]
[White "Hansen, Eric"]
[Black "Yoo, Christopher Woojin"]
[Result "1-0"]
[WhiteElo "2606"]
[BlackElo "2455"]
[PlyCount "99"]
[GameId "2130307590049746"]
[EventDate "2021.01.26"]
[EventType "team (blitz)"]
[EventRounds "11"]
[EventCountry "NET"]
[SourceTitle "The Week in Chess 1369"]
[Source "Mark Crowther"]
[SourceDate "2021.02.01"]
[SourceVersion "1"]
[SourceVersionDate "2021.02.01"]
[SourceQuality "2"]

1. e4 c5 2. Nf3 Nc6 3. Bb5 g6 4. Bxc6 bxc6 5. O-O Bg7 6. c3 Nf6 7. Re1 O-O 8. d4 cxd4 9. cxd4 d6 10. h3 Rb8 11. Nc3 Nd7 12. Qc2 c5 13. Be3 cxd4 14. Bxd4 Bxd4 15. Nxd4 Qb6 16. Qd1 Bb7 17. b3 Rfc8 18. Nd5 Qd8 19. Qd2 e6 20. Nc3 a6 21. Rad1 Qf6 22. Na4 Nc5 23. Nxc5 dxc5 24. Nf3 Qe7 25. Qf4 Rd8 26. Ne5 Rbc8 27. Ng4 Rxd1 28. Rxd1 Rd8 29. Nh6+ Kg7 30. Rxd8 Qxd8 31. Qxf7+ Kxh6 32. Qxb7 Qd1+ 33. Kh2 Qd6+ 34. g3 Qd4 35. Kg2 a5 36. Qc6 e5 37. Qd5 Qb2 38. a4 Qc3 39. Qf7 Qd3 40. Qf8+ Kg5 41. h4+ Kh5 42. Qf3+ Qxf3+ 43. Kxf3 h6 44. Kg2 g5 45. hxg5 hxg5 46. f3 Kg6 47. Kh2 Kh6 48. Kg2 Kg6 49. Kf2 Kh5 50. Ke3 1-0

[Event "Titled Tuesday 2021.01.26"]
[Site "chess.com INT"]
[Date "2021.01.26"]
[Round "6"]
[White "Hansen, Eric"]
[Black "Drygalov, Andrey"]
[Result "1-0"]
[WhiteElo "2606"]
[BlackElo "2493"]
[PlyCount "121"]
[GameId "2130307590049817"]
[EventDate "2021.01.26"]
[EventType "team (blitz)"]
[EventRounds "11"]
[EventCountry "NET"]
[SourceTitle "The Week in Chess 1369"]
[Source "Mark Crowther"]
[SourceDate "2021.02.01"]
[SourceVersion "1"]
[SourceVersionDate "2021.02.01"]
[SourceQuality "2"]

1. e4 c5 2. Nf3 d6 3. Bb5+ Nd7 4. c3 Ngf6 5. Qe2 a6 6. Ba4 b5 7. Bc2 e6 8. d4 Bb7 9. O-O Be7 10. Re1 Rc8 11. Bd3 e5 12. Nbd2 O-O 13. d5 c4 14. Bc2 Re8 15. Nf1 g6 16. Ng3 Bf8 17. h3 Nc5 18. Be3 Nfd7 19. Qd2 a5 20. Nh2 Nf6 21. Bg5 Be7 22. Bh6 Ba6 23. Nf5 Bf8 24. Bxf8 Rxf8 25. Nh6+ Kg7 26. N6g4 Ng8 27. f4 exf4 28. Qxf4 h5 29. Nf2 Qf6 30. Qg3 Qe5 31. Qe3 Rfe8 32. Nf3 Qf6 33. Rad1 b4 34. g4 bxc3 35. g5 Qe7 36. Qxc3+ Kh7 37. Qxa5 Rb8 38. Qc3 Qb7 39. Rb1 Rec8 40. Nd4 Nd3 41. Bxd3 cxd3 42. Nc6 Bb5 43. Nxd3 Bxc6 44. dxc6 Rxc6 45. Qd4 Rbc8 46. b3 Rc2 47. Nb4 R2c5 48. Nd5 Qd7 49. Re3 Rc2 50. Rf1 Qe6 51. Ref3 f5 52. gxf6 Qf7 53. Ne7 Rxa2 54. Nxc8 d5 55. Nd6 Qc7 56. e5 Nh6 57. f7 Nf5 58. Nxf5 gxf5 59. f8=Q Qc2 60. R3f2 Qxf2+ 61. Rxf2 1-0